Govt. of
Madhya Pradesh

Elements of Political Economy (Record no. 38227)

MARC details
000 -LEADER
fixed length control field 004900000a22001690004500
003 - CONTROL NUMBER IDENTIFIER
control field MACL
005 - DATE AND TIME OF LATEST TRANSACTION
control field 20151231115955.0
008 - FIXED-LENGTH DATA ELEMENTS--GENERAL INFORMATION
fixed length control field 151231b xxu||||| |||| 00| 0 eng d
040 ## - CATALOGING SOURCE
Original cataloging agency MACL
Transcribing agency MACL
041 ## - LANGUAGE CODE
Language code of text/sound track or separate title English
082 ## - DEWEY DECIMAL CLASSIFICATION NUMBER
Classification number 330
100 ## - MAIN ENTRY--PERSONAL NAME
Personal name The Calcutta School Book Societys Press
9 (RLIN) 25448
245 ## - TITLE STATEMENT
Title Elements of Political Economy
Remainder of title Manual For Education
260 ## - PUBLICATION, DISTRIBUTION, ETC. (IMPRINT)
Name of publisher, distributor, etc. The Calcutta School Book Societys Press
Date of publication, distribution, etc. 1855
Place of publication, distribution, etc. Calcutta
650 ## - SUBJECT ADDED ENTRY--TOPICAL TERM
Topical term or geographic name as entry element Economics
9 (RLIN) 25449
942 ## - ADDED ENTRY ELEMENTS (KOHA)
Koha item type Books
Call number prefix 330
Source of classification or shelving scheme
Holdings
Withdrawn status Lost status Source of classification or shelving scheme Damaged status Not for loan Home library Current library Date acquired Total Checkouts Full call number Barcode Date last seen Uniform Resource Identifier Price effective from Koha item type
          MACL MACL 15/04/2015   330 CLE000215 29/04/2015 38449 15/04/2015 Books